[Event "FIDE World Cup 2021"]
[Site "Krasnaya Polyana RUS"]
[Date "2021.07.12"]
[Round "1.1"]
[White "Vocaturo, Daniele"]
[Black "Gan-Erdene, Sugar"]
[Result "1-0"]
[WhiteElo "2617"]
[BlackElo "2419"]
[PlyCount "113"]
[EventDate "2021.07.12"]

1. e4 c5 2. Nf3 e6 3. d4 cxd4 4. Nxd4 Nc6 5. Nc3 Qc7 6. Be3 a6 7. Bd3 Nf6 8.
O-O b5 9. Nxc6 Qxc6 10. a3 Bb7 11. Qe2 Rc8 12. f4 Bc5 13. Bxc5 Qxc5+ 14. Kh1 d5
15. e5 Ne4 16. Nd1 O-O 17. Ne3 d4 18. Ng4 Qd5 19. Rf3 h5 20. Nf2 f5 21. exf6
Nxf2+ 22. Rxf2 Rxf6 23. Re1 g6 24. Kg1 Rcf8 25. Be4 Qxe4 26. Qxe4 Bxe4 27. Rxe4
g5 28. g3 gxf4 29. gxf4 Kh7 30. Rxd4 e5 31. Rd5 exf4 32. Rxh5+ Kg6 33. Rd5 Re8
34. Rfd2 Re3 35. Kg2 Kf7 36. R5d3 Re1 37. Kf3 Kg6 38. Rd5 Re3+ 39. Kg4 Re1 40.
Rf2 Rg1+ 41. Kf3 Re1 42. Rd4 Kg5 43. h4+ Kxh4 44. Rxf4+ Rxf4+ 45. Kxf4 Kh3 46.
Rd2 Rf1+ 47. Ke4 Kg3 48. Rd6 Re1+ 49. Kd4 Rd1+ 50. Kc5 Rc1 51. Rd2 Rh1 52. b4
Rh5+ 53. Rd5 Rh2 54. Kb6 Rh6+ 55. Kb7 Kf3 56. Rc5 Ke2 57. Rc6 1-0

[Event "FIDE World Cup 2021"]
[Site "Krasnaya Polyana RUS"]
[Date "2021.07.12"]
[Round "1.1"]
[White "El Gindy, Essam"]
[Black "Svane, Rasmus"]
[Result "0-1"]
[WhiteElo "2420"]
[BlackElo "2615"]
[PlyCount "150"]
[EventDate "2021.07.12"]

1. c4 Nf6 2. Nc3 e5 3. g3 Bb4 4. Bg2 O-O 5. e3 Bxc3 6. dxc3 d6 7. e4 Be6 8. b3
a5 9. a4 Nbd7 10. Qc2 Nc5 11. h3 b5 12. b4 axb4 13. cxb4 Rxa4 14. Rxa4 Nxa4 15.
cxb5 Nb6 16. Ne2 Bc4 17. O-O Qd7 18. Be3 Qxb5 19. Nc3 Qxb4 20. Rb1 Qa5 21. Nb5
Bxb5 22. Qxc7 Nfd7 23. Qxd6 Na4 24. Qd5 Nc3 25. Bd2 Nf6 26. Bxc3 Qxc3 27. Qxb5
h5 28. h4 Rd8 29. Qe2 g6 30. Rd1 Rb8 31. Qe1 Qb2 32. Bf3 Rb3 33. Kg2 Kg7 34.
Ra1 Nd7 35. Ra7 Nc5 36. Bd1 Rd3 37. Be2 Rd4 38. Bf1 Nxe4 39. Re7 Kf6 40. Re8
Qd2 41. Qe2 Qxe2 42. Bxe2 Nc3 43. Kf1 Rb4 44. Bd3 Rd4 45. Be2 Rd2 46. Bf3 Nb5
47. Rb8 Nd6 48. Rb1 Ke6 49. Rd1 Rb2 50. Bd5+ Ke7 51. Re1 Kf6 52. Re2 Rb1+ 53.
Kg2 Rd1 54. Bb3 Rd3 55. Bc2 Rc3 56. Bb1 Rc4 57. Rd2 Rc6 58. Ra2 e4 59. Ra4 Ke5
60. Ra5+ Ke6 61. Ba2+ Kf6 62. Ra4 Rb6 63. Ra7 Rb2 64. Kg1 Rd2 65. Kf1 e3 66.
fxe3 Nf5 67. Ke1 Rg2 68. Bd5 Rxg3 69. Rxf7+ Ke5 70. Kf2 Rxe3 71. Rxf5+ gxf5 72.
Kxe3 Kxd5 73. Kf4 Ke6 74. Kg5 Ke5 75. Kxh5 Kf6 0-1

[Event "FIDE World Cup 2021"]
[Site "Krasnaya Polyana RUS"]
[Date "2021.07.12"]
[Round "1.1"]
[White "Valderrama Quiceno, Esteban Alb"]
[Black "Akobian, Varuzhan"]
[Result "1/2-1/2"]
[WhiteElo "2430"]
[BlackElo "2614"]
[PlyCount "64"]
[EventDate "2021.07.12"]

1. Nf3 d5 2. g3 c6 3. Bg2 Bg4 4. O-O Nd7 5. d3 Ngf6 6. Qe1 e5 7. e4 dxe4 8.
dxe4 Bc5 9. Nbd2 O-O 10. h3 Bh5 11. a4 Re8 12. Nb3 Bf8 13. Nh4 Nc5 14. Nxc5
Bxc5 15. Be3 Bxe3 16. Qxe3 Qb6 17. Qc3 Rad8 18. Nf5 Bg6 19. a5 Qc7 20. Rad1
Bxf5 21. exf5 e4 22. Rxd8 Rxd8 23. Re1 Re8 24. Qc5 a6 25. b4 h5 26. Qd4 Re5 27.
Bxe4 Qe7 28. f3 c5 29. bxc5 Rxc5 30. Rd1 Kh7 31. Qd6 Qxd6 32. Rxd6 Nxe4 1/2-1/2

[Event "FIDE World Cup 2021"]
[Site "Krasnaya Polyana RUS"]
[Date "2021.07.12"]
[Round "1.1"]
[White "Idani, Pouya"]
[Black "Rahman, Ziaur"]
[Result "1-0"]
[WhiteElo "2614"]
[BlackElo "2429"]
[PlyCount "101"]
[EventDate "2021.07.12"]

1. e4 c6 2. d4 d5 3. e5 Bf5 4. Ne2 e6 5. Ng3 Bg6 6. h4 h5 7. Nd2 c5 8. c3 cxd4
9. cxd4 Nc6 10. Nf3 Bb4+ 11. Bd2 Qb6 12. Be2 Nge7 13. O-O Nf5 14. Bc3 Be7 15.
Nxf5 Bxf5 16. Ng5 Bxg5 17. hxg5 h4 18. Qd2 f6 19. exf6 gxf6 20. b4 Kf7 21. b5
Ne7 22. Ba5 Qd6 23. Rac1 Rac8 24. Bb4 Qd7 25. Rxc8 Rxc8 26. gxf6 Kxf6 27. Qe3
Ng6 28. g4 hxg3 29. fxg3 Kg7 30. Rc1 Be4 31. Rxc8 Qxc8 32. Kf2 Qc2 33. a3 Bf5
34. Bd2 Qe4 35. g4 Qxe3+ 36. Kxe3 Bc2 37. Bb4 Kf7 38. Bc5 a5 39. bxa6 bxa6 40.
Bxa6 Bd1 41. g5 Ba4 42. Bd6 Nh4 43. Be5 Nf5+ 44. Kf4 Ne7 45. Bd3 Nc6 46. g6+
Kg8 47. Bf6 Na5 48. Ke5 Nc4+ 49. Kxe6 Bb5 50. g7 Nxa3 51. Bg6 1-0

[Event "FIDE World Cup 2021"]
[Site "Krasnaya Polyana RUS"]
[Date "2021.07.12"]
[Round "1.1"]
[White "Al Qudaimi, Basheer"]
[Black "Tabatabaei, M. Amin"]
[Result "0-1"]
[WhiteElo "2435"]
[BlackElo "2613"]
[PlyCount "94"]
[EventDate "2021.07.12"]

1. e4 c5 2. Nf3 Nc6 3. d4 cxd4 4. Nxd4 e5 5. Nb5 d6 6. a4 a6 7. N5a3 Nf6 8. Nc3
Bg4 9. f3 Be6 10. Be3 d5 11. exd5 Bxd5 12. Nc4 Bb4 13. Nb6 Rb8 14. Be2 Be6 15.
O-O Nd4 16. a5 Qc7 17. Kh1 Rd8 18. Bd3 O-O 19. Qe1 h6 20. Ra4 Bxc3 21. bxc3 Nf5
22. Bc1 Nd7 23. Re4 Nc5 24. Ba3 Nxe4 25. Qxe4 Rxd3 26. cxd3 Rd8 27. Bb4 h5 28.
f4 exf4 29. d4 g5 30. d5 Ne3 31. dxe6 Nxf1 32. Nd5 Ne3 33. e7 Nxd5 34. e8=Q+
Rxe8 35. Qxe8+ Kg7 36. Bf8+ Kf6 37. h4 g4 38. Bh6 Qxc3 39. Qh8+ Kf5 40. Qh7+
Ke6 41. Qe4+ Qe5 42. Qb1 Qe2 43. Qc1 f3 44. Qc8+ Ke5 45. Qe8+ Kd4 46. Qa4+ Kd3
47. gxf3 gxf3 0-1

[Event "FIDE World Cup 2021"]
[Site "Krasnaya Polyana RUS"]
[Date "2021.07.12"]
[Round "1.1"]
[White "Braun, Arik"]
[Black "Juksta, Karolis"]
[Result "1/2-1/2"]
[WhiteElo "2609"]
[BlackElo "2438"]
[PlyCount "123"]
[EventDate "2021.07.12"]

1. d4 d5 2. c4 e6 3. Nc3 Be7 4. cxd5 exd5 5. Bf4 Nf6 6. e3 Bf5 7. Nge2 c6 8.
Ng3 Bg6 9. Bd3 Nbd7 10. h4 Nb6 11. h5 Bxd3 12. Qxd3 Bd6 13. Bxd6 Qxd6 14. Nf5
Qf8 15. O-O-O O-O-O 16. Kb1 g6 17. Ng3 Kb8 18. Qe2 Qe7 19. Qf3 Rhe8 20. hxg6
hxg6 21. Nge2 Ka8 22. Nc1 Ne4 23. Nxe4 dxe4 24. Qg4 Rd5 25. Rh7 Rb5 26. Nb3 a5
27. Qe2 Nd5 28. Rc1 a4 29. Nc5 a3 30. b3 Nf6 31. Rhh1 Nd7 32. Na4 Qf6 33. Rh2
Rf5 34. g3 Kb8 35. Qd2 Rc8 36. Qc2 Qe7 37. Rch1 Nf6 38. Qe2 Nd5 39. Qd2 Nf6 40.
Rh8 Rb5 41. Rxc8+ Kxc8 42. Rh8+ Kc7 43. Qc1 Nd5 44. Qe1 b6 45. Qh1 Qb4 46. Kc2
Nf6 47. g4 Qd6 48. Nc3 Rc5 49. Ra8 Ra5 50. Rxa5 bxa5 51. Nxe4 Nxe4 52. Qxe4 Qb4
53. Qf4+ Kc8 54. Qxf7 Qe1 55. Qf8+ Kd7 56. Qxa3 Qxf2+ 57. Kd3 Qf1+ 58. Ke4 Qh1+
59. Kf4 Qh6+ 60. Kf3 Qh3+ 61. Kf4 Qh6+ 62. Kf3 1/2-1/2

[Event "FIDE World Cup 2021"]
[Site "Krasnaya Polyana RUS"]
[Date "2021.07.12"]
[Round "1.1"]
[White "Haria, Ravi"]
[Black "Zvjaginsev, Vadim"]
[Result "1-0"]
[WhiteElo "2440"]
[BlackElo "2608"]
[PlyCount "110"]
[EventDate "2021.07.12"]

1. e4 e6 2. d4 d5 3. Nc3 Nf6 4. e5 Nfd7 5. f4 c5 6. Nf3 Nc6 7. Be3 cxd4 8. Nxd4
Bc5 9. Qd2 a6 10. Qf2 Nxd4 11. Bxd4 Bxd4 12. Qxd4 Qb6 13. Qxb6 Nxb6 14. Bd3 Bd7
15. Ne2 f6 16. Nd4 fxe5 17. fxe5 Ke7 18. Kd2 Be8 19. Rhf1 Bg6 20. Rf3 Raf8 21.
Raf1 Rxf3 22. gxf3 Nd7 23. f4 Rf8 24. Rf3 Bxd3 25. cxd3 g6 26. Ke3 Rc8 27. Rh3
Nf8 28. Kd2 Rc7 29. Rg3 Ke8 30. Rg1 Ke7 31. b4 Rc8 32. a4 Nd7 33. h4 Kf7 34. h5
gxh5 35. Rg5 h6 36. Rxh5 Kg6 37. Rh1 Nf8 38. Rg1+ Kf7 39. a5 Ng6 40. b5 axb5
41. Nxb5 Kg7 42. Nd6 Ra8 43. Nxb7 h5 44. Ke3 Kh6 45. Nc5 Ne7 46. Ra1 Nf5+ 47.
Kf2 h4 48. a6 Ra7 49. Nxe6 Kh5 50. Kf3 h3 51. Rg1 Rxa6 52. Ng7+ Nxg7 53. Rxg7
Ra3 54. Rh7+ Kg6 55. Rxh3 Rxd3+ 1-0

[Event "FIDE World Cup 2021"]
[Site "Krasnaya Polyana RUS"]
[Date "2021.07.12"]
[Round "1.1"]
[White "Piorun, Kacper"]
[Black "Makarian, Rudik"]
[Result "1-0"]
[WhiteElo "2608"]
[BlackElo "2465"]
[PlyCount "153"]
[EventDate "2021.07.12"]

1. d4 Nf6 2. c4 e6 3. Nf3 d5 4. Nc3 dxc4 5. Qa4+ c6 6. Qxc4 b5 7. Qd3 a6 8. Bg5
Be7 9. e4 b4 10. Na4 O-O 11. Qc2 h6 12. Bxf6 Bxf6 13. e5 Be7 14. Bd3 a5 15. O-O
Ba6 16. Bxa6 Rxa6 17. Nc5 Rb6 18. Rfd1 Rb5 19. Rac1 Qd5 20. b3 Rc8 21. Qe2 Qd8
22. g3 Nd7 23. Na4 Rd5 24. Rd2 Bg5 25. Nxg5 Qxg5 26. Rc4 Qd8 27. Rdc2 Nb6 28.
Nxb6 Qxb6 29. Qe3 Qb7 30. Rc5 Rcd8 31. Rxd5 Rxd5 32. Rc4 Qd7 33. h4 h5 34. Kg2
g6 35. Qe4 Qc7 36. g4 hxg4 37. Qxg4 c5 38. h5 Qb7 39. Qe4 cxd4 40. hxg6 f5 41.
Qh4 Rc5+ 42. f3 Rxc4 43. Qd8+ Kg7 44. bxc4 a4 45. c5 Kxg6 46. Qf6+ Kh7 47. Qxe6
Qg7+ 48. Kf2 b3 49. axb3 a3 50. Qxf5+ Kg8 51. Qe6+ Kh7 52. b4 Qa7 53. Qf5+ Kg7
54. Qf6+ Kh7 55. e6 a2 56. e7 a1=Q 57. Qf7+ Kh6 58. Qf6+ Kh7 59. Qf7+ Kh6 60.
Qe6+ Kg7 61. Qe5+ Kh7 62. e8=Q Q7a2+ 63. Qe2 Qxe2+ 64. Qxe2 Qc3 65. c6 d3 66.
Qe7+ Kg6 67. c7 Qd4+ 68. Kg2 Qb2+ 69. Kg3 Qc1 70. Qd6+ Kh5 71. Qd5+ Kh6 72.
Qe6+ Kg5 73. Qg8+ Kf6 74. Qd8+ Ke5 75. c8=Q Qf4+ 76. Kg2 Qd2+ 77. Kh3 1-0

[Event "FIDE World Cup 2021"]
[Site "Krasnaya Polyana RUS"]
[Date "2021.07.12"]
[Round "1.1"]
[White "Bersamina, Paulo"]
[Black "Praggnanandhaa, R."]
[Result "0-1"]
[WhiteElo "2462"]
[BlackElo "2608"]
[PlyCount "96"]
[EventDate "2021.07.12"]

1. e4 c5 2. Nf3 e6 3. g3 Nc6 4. Bg2 Nf6 5. Qe2 e5 6. O-O Be7 7. c3 O-O 8. Na3
Re8 9. d3 d6 10. Nc4 h6 11. h3 Be6 12. Kh2 Bf8 13. Bd2 g6 14. a4 Bg7 15. b4
cxb4 16. cxb4 d5 17. Na5 Nxa5 18. bxa5 Bd7 19. Bc3 Qc7 20. Rfc1 Bc6 21. Nd2 a6
22. Qd1 Rad8 23. Qb3 h5 24. Bb4 Qd7 25. Ra2 Bh6 26. Re1 h4 27. exd5 Bxd5 28.
Bxd5 Qxd5 29. Qxd5 Nxd5 30. Rb1 hxg3+ 31. fxg3 Nxb4 32. Rxb4 Rxd3 33. Ne4 Re7
34. Nc5 Rd5 35. Rxb7 Rxb7 36. Nxb7 Be3 37. Re2 Ba7 38. Rc2 e4 39. Kg2 Rd7 40.
Rc8+ Kh7 41. Nd8 Kg7 42. Nc6 Rd2+ 43. Kf1 Bf2 44. Re8 f5 45. g4 Bg3 46. g5 f4
47. Rxe4 f3 48. Rd4 Rh2 0-1

[Event "FIDE World Cup 2021"]
[Site "Krasnaya Polyana RUS"]
[Date "2021.07.12"]
[Round "1.1"]
[White "Indjic, Aleksandar"]
[Black "Draskovic, Luka"]
[Result "1-0"]
[WhiteElo "2607"]
[BlackElo "2472"]
[PlyCount "83"]
[EventDate "2021.07.12"]

1. d4 d5 2. Nf3 Nf6 3. c4 e6 4. Nc3 Be7 5. Bf4 O-O 6. a3 c5 7. dxc5 dxc4 8. e4
Bxc5 9. Bxc4 Nc6 10. O-O Nh5 11. Bd2 Nf6 12. e5 Nd5 13. Ne4 Be7 14. Re1 Nb6 15.
Ba2 Bd7 16. h4 Nd5 17. h5 f5 18. exf6 gxf6 19. Nc3 Kh8 20. Nxd5 exd5 21. Bxd5
Bg4 22. Bh6 Re8 23. Qb3 Bxh5 24. Rad1 Qb6 25. Qc3 Qc5 26. Qd3 Rad8 27. b4 Qd6
28. Qc3 Ne5 29. Bf4 Nxf3+ 30. Bxf3 Qxf4 31. Bxh5 Rxd1 32. Bxd1 Rd8 33. Bf3 Bd6
34. g3 Be5 35. Qb3 Qd4 36. Rd1 Qb6 37. Qf7 Rxd1+ 38. Bxd1 Qd8 39. Bc2 Qg8 40.
Qxb7 Bxg3 41. fxg3 Qxg3+ 42. Kf1 1-0

[Event "FIDE World Cup 2021"]
[Site "Krasnaya Polyana RUS"]
[Date "2021.07.12"]
[Round "1.1"]
[White "Goh, Wei Ming Kevin"]
[Black "Henriquez Villagra, Cristobal"]
[Result "0-1"]
[WhiteElo "2478"]
[BlackElo "2606"]
[PlyCount "108"]
[EventDate "2021.07.12"]

1. b3 Nf6 2. Bb2 d5 3. Nf3 Bf5 4. d3 e6 5. Nbd2 h6 6. g3 Be7 7. Bg2 O-O 8. O-O
c6 9. Qe1 a5 10. a3 Bh7 11. e4 Na6 12. Qe2 Rc8 13. Rfe1 Re8 14. h4 Bf8 15. Rad1
b5 16. Ne5 Nc5 17. f4 Ncd7 18. Kh2 Nxe5 19. fxe5 Nd7 20. Qg4 Nb6 21. Rf1 Rc7
22. Qf4 d4 23. Nf3 c5 24. g4 Rd7 25. h5 Be7 26. Bc1 f6 27. Qg3 Rf8 28. exf6
Bxf6 29. Bh3 Qe8 30. Rf2 Rdf7 31. Rdf1 Bd8 32. Ne5 Rxf2+ 33. Rxf2 Rxf2+ 34.
Qxf2 Bc7 35. Bf4 Qf8 36. Qg3 Qf6 37. Kg2 a4 38. Qh2 b4 39. axb4 a3 40. g5 hxg5
41. Bg3 a2 42. Ng4 Qf8 43. Nh6+ Kh8 44. Bxe6 Bxg3 45. Qxg3 gxh6 46. Qe5+ Qg7
47. Qb8+ Bg8 48. Bxg8 Nd7 49. Qa7 Kxg8 50. b5 Qf7 51. Qxa2 Ne5 52. b6 Qf3+ 53.
Kg1 Qd1+ 54. Kg2 Qe2+ 0-1

[Event "FIDE World Cup 2021"]
[Site "Krasnaya Polyana RUS"]
[Date "2021.07.12"]
[Round "1.1"]
[White "Durarbayli, Vasif"]
[Black "Sklyarov, Dmitry V."]
[Result "1/2-1/2"]
[WhiteElo "2625"]
[BlackElo "2480"]
[PlyCount "102"]
[EventDate "2021.07.12"]

1. e4 e6 2. d4 d5 3. Nc3 dxe4 4. Nxe4 Bd7 5. Nf3 Bc6 6. Bd3 Nd7 7. c3 Ngf6 8.
Nxf6+ Nxf6 9. O-O Bxf3 10. Qxf3 Qd5 11. Qd1 Bd6 12. Re1 O-O 13. b4 Rfd8 14. Bb2
c6 15. a4 Qg5 16. g3 a5 17. b5 c5 18. h4 Qg4 19. Qxg4 Nxg4 20. Be4 Rab8 21. Bf3
Nf6 22. c4 cxd4 23. Bxd4 Bb4 24. Red1 Rxd4 25. Rxd4 Bc3 26. Rad1 Bxd4 27. Rxd4
b6 28. g4 h6 29. g5 hxg5 30. hxg5 Nh7 31. g6 Nf8 32. gxf7+ Kxf7 33. Kf1 Ke7 34.
Bc6 e5 35. Rd5 Ne6 36. Rxe5 Kf6 37. Re3 Nc5 38. Ra3 Ke5 39. Ke2 Kd4 40. Bd5
Re8+ 41. Kd2 Rf8 42. Ke2 Rf6 43. Rg3 Nxa4 44. Rg4+ Kc3 45. c5 Nxc5 46. Rxg7 Nd3
47. Ke3 Nxf2 48. Rc7+ Kb2 49. Bf3 Nd3 50. Rc6 Rxf3+ 51. Kxf3 a4 1/2-1/2

[Event "FIDE World Cup 2021"]
[Site "Krasnaya Polyana RUS"]
[Date "2021.07.12"]
[Round "1.1"]
[White "Tin, Jingyao"]
[Black "Gareyev, Timur"]
[Result "1/2-1/2"]
[WhiteElo "2482"]
[BlackElo "2596"]
[PlyCount "134"]
[EventDate "2021.07.12"]

1. d4 Nf6 2. c4 g6 3. Nc3 d5 4. Nf3 Bg7 5. Qb3 dxc4 6. Qxc4 a6 7. e4 b5 8. Qb3
c5 9. dxc5 Bb7 10. Be2 O-O 11. O-O Nbd7 12. Rd1 Qc7 13. Nd5 Bxd5 14. exd5 Nxc5
15. Qb4 Rfc8 16. Bf4 Qb7 17. Qd4 Nfd7 18. Qd2 Ne4 19. Qe3 Nef6 20. Ng5 Nb6 21.
d6 Nfd5 22. Qf3 e6 23. Be3 Qd7 24. Bxb6 Nxb6 25. Rd2 Rc5 26. Ne4 Rf5 27. Qa3
Nd5 28. Rad1 h5 29. Bf3 Be5 30. Ng3 Bxd6 31. Bxd5 exd5 32. Rxd5 Rxd5 33. Rxd5
Bxa3 34. Rxd7 Bxb2 35. Ne4 Re8 36. f3 Kf8 37. Kf1 Re7 38. Rd2 Be5 39. g3 Kg7
40. Nc5 Ra7 41. Rd5 Bf6 42. f4 Be7 43. f5 Bxc5 44. Rxc5 Rd7 45. Rc6 a5 46. f6+
Kh6 47. Rc5 Rb7 48. h4 a4 49. a3 Rb6 50. Kg2 Rxf6 51. Rxb5 Ra6 52. Rb4 f6 53.
Rc4 Ra5 54. Rb4 g5 55. hxg5+ fxg5 56. Rc4 Kg6 57. Rb4 Kf5 58. g4+ hxg4 59. Kg3
Rd5 60. Rxa4 Rd3+ 61. Kg2 Rb3 62. Ra5+ Kg6 63. Ra8 g3 64. Rf8 Rxa3 65. Rf3 Rxf3
66. Kxf3 g2 67. Kxg2 Kf5 1/2-1/2

[Event "FIDE World Cup 2021"]
[Site "Krasnaya Polyana RUS"]
[Date "2021.07.12"]
[Round "1.1"]
[White "Fawzy, Adham"]
[Black "Alekseev, Evgeny"]
[Result "1/2-1/2"]
[WhiteElo "2485"]
[BlackElo "2605"]
[PlyCount "79"]
[EventDate "2021.07.12"]

1. e4 e5 2. Nf3 Nc6 3. d4 exd4 4. Nxd4 Nf6 5. Nxc6 bxc6 6. e5 Qe7 7. Qe2 Nd5 8.
c4 Qb4+ 9. Nd2 Nf4 10. Qe4 Ne6 11. Be2 Bb7 12. O-O Be7 13. Nb3 c5 14. Qd3 a5
15. Be3 a4 16. Nd2 Rd8 17. a3 Qb6 18. Ne4 Nd4 19. Nc3 Qg6 20. f3 d6 21. Bxd4
Qxd3 22. Bxd3 cxd4 23. Nxa4 Bc6 24. exd6 Bxd6 25. Rfe1+ Kf8 26. c5 Bf4 27. b3
Bxa4 28. bxa4 Ra8 29. Re4 Be3+ 30. Kf1 g6 31. Bb5 c6 32. Bxc6 Rc8 33. Bb5 Rxc5
34. Re8+ Kg7 35. Rxh8 Kxh8 36. Ke2 Rc2+ 37. Kd3 Rc3+ 38. Ke2 Rc2+ 39. Kd3 Rc3+
40. Ke2 1/2-1/2

[Event "FIDE World Cup 2021"]
[Site "Krasnaya Polyana RUS"]
[Date "2021.07.12"]
[Round "1.1"]
[White "Gretarsson, Hjorvar Steinn"]
[Black "Stupak, Kirill"]
[Result "1/2-1/2"]
[WhiteElo "2603"]
[BlackElo "2485"]
[PlyCount "145"]
[EventDate "2021.07.12"]

1. e4 e6 2. d4 d5 3. Nc3 Bb4 4. e5 c5 5. a3 Ba5 6. b4 cxd4 7. Nb5 Bc7 8. f4 Ne7
9. Bd3 Bd7 10. Nxc7+ Qxc7 11. Nf3 Qb6 12. Bb2 Bb5 13. Bxd4 Qc6 14. a4 Bxd3 15.
cxd3 Qd7 16. b5 O-O 17. O-O a6 18. Qb3 Rc8 19. Rfc1 axb5 20. axb5 Rxc1+ 21.
Rxc1 Ra5 22. Rb1 Qd8 23. h3 Nd7 24. Rc1 Ra8 25. Qb4 Rc8 26. Ra1 Nf5 27. Bf2 h5
28. Nd4 Nxd4 29. Bxd4 b6 30. Qd6 Qc7 31. Qe7 Nc5 32. Qxc7 Rxc7 33. Ra8+ Kh7 34.
Ra3 Kg6 35. Kf2 Nd7 36. Kf3 f6 37. exf6 gxf6 38. Ra6 Rb7 39. Ra8 e5 40. Bc3 Rc7
41. Bb4 exf4 42. Kxf4 Ne5 43. Ke3 Rc2 44. Kd4 Kf5 45. Bc3 Rc1 46. Ra2 Rd1 47.
Kxd5 Nxd3 48. Rd2 Nf4+ 49. Kd6 Rb1 50. Bb2 Nd3 51. Bc3 Nf4 52. Bb2 Nd3 53. Rxd3
Rxb2 54. Rf3+ Ke4 55. Kc6 Rxg2 56. Rxf6 Rh2 57. Kxb6 Rxh3 58. Kc7 Ke5 59. Rf8
Rc3+ 60. Kd7 Rd3+ 61. Kc7 Rc3+ 62. Kb7 h4 63. b6 h3 64. Ka7 Ra3+ 65. Kb8 h2 66.
Rh8 Ra2 67. Rh4 Kf5 68. b7 Kg5 69. Rh7 Kg4 70. Kc8 Rc2+ 71. Kd8 Rb2 72. Kc8 Kg3
73. b8=Q+ 1/2-1/2

[Event "FIDE World Cup 2021"]
[Site "Krasnaya Polyana RUS"]
[Date "2021.07.12"]
[Round "1.1"]
[White "Mishra, Abhimanyu"]
[Black "Jobava, Baadur"]
[Result "0-1"]
[WhiteElo "2504"]
[BlackElo "2603"]
[PlyCount "124"]
[EventDate "2021.07.12"]

1. d4 Nf6 2. c4 e6 3. Nf3 Bb4+ 4. Bd2 Bxd2+ 5. Qxd2 d5 6. Nc3 O-O 7. e3 Qe7 8.
Rc1 Rd8 9. cxd5 exd5 10. Bd3 Nc6 11. Bb5 Bd7 12. Bxc6 Bxc6 13. Ne5 Be8 14. O-O
c5 15. Qe2 Rac8 16. Rfd1 h6 17. f3 b6 18. Kh1 Rc7 19. g4 Nh7 20. f4 f6 21. Nf3
Bc6 22. Qf2 Qe8 23. Nh4 b5 24. Ne2 c4 25. b4 a5 26. a3 axb4 27. axb4 Qe7 28.
Rb1 Bd7 29. Nc3 Bxg4 30. Rg1 h5 31. Rg3 g5 32. fxg5 fxg5 33. Ng6 Qe6 34. Ne5
Bf5 35. Rbg1 g4 36. h3 Rg7 37. R3g2 Rf8 38. Qh4 Nf6 39. Rf1 Ne4 40. Ne2 g3 41.
Nxg3 Bxh3 42. Rxf8+ Kxf8 43. Rg1 Nxg3+ 44. Rxg3 Rxg3 45. Qxg3 Bg4 46. Qf4+ Qf5
47. Qh6+ Kg8 48. Kg2 Be2 49. Kg3 Bf1 50. Qc6 Qg5+ 51. Kf3 Qf5+ 52. Kg3 h4+ 53.
Kxh4 Qh3+ 54. Kg5 Qxe3+ 55. Kf6 Qh6+ 56. Ng6 Qg7+ 57. Kg5 Kh7 58. Qxd5 Qxg6+
59. Kf4 Qh6+ 60. Kg3 Qe3+ 61. Kg4 Be2+ 62. Kf5 Qf3+ 0-1

[Event "FIDE World Cup 2021"]
[Site "Krasnaya Polyana RUS"]
[Date "2021.07.12"]
[Round "1.1"]
[White "Georgiev, Kiril"]
[Black "Dgebuadze, Alexandre"]
[Result "1-0"]
[WhiteElo "2594"]
[BlackElo "2488"]
[PlyCount "71"]
[EventDate "2021.07.12"]

1. d4 d5 2. c4 e6 3. Nc3 c6 4. e3 f5 5. g4 fxg4 6. Qxg4 Nf6 7. Qg2 Na6 8. a3 c5
9. Nf3 Nc7 10. Ne5 Nd7 11. Bd2 Nxe5 12. dxe5 Bd7 13. Rg1 Bc6 14. Qg4 Qd7 15. e4
d4 16. Nb5 Bxb5 17. cxb5 g6 18. Bc4 Bg7 19. f4 O-O-O 20. a4 Kb8 21. Ra3 Rhg8
22. Rh3 Bh8 23. Qh4 Rg7 24. b4 b6 25. bxc5 bxc5 26. a5 Rdg8 27. Qg4 g5 28. f5
exf5 29. exf5 Re8 30. f6 Rxe5+ 31. Kd1 Qxg4+ 32. Rxg4 Rg6 33. f7 Bg7 34. Rxh7
Rf5 35. Bd3 Rxf7 36. Bxg6 1-0

[Event "FIDE World Cup 2021"]
[Site "Krasnaya Polyana RUS"]
[Date "2021.07.12"]
[Round "1.1"]
[White "Barrientos, Sergio E"]
[Black "Brkic, Ante"]
[Result "0-1"]
[WhiteElo "2490"]
[BlackElo "2592"]
[PlyCount "126"]
[EventDate "2021.07.12"]

1. d4 Nf6 2. c4 e6 3. Nf3 d5 4. g3 Bb4+ 5. Nbd2 O-O 6. a3 Be7 7. Bg2 b6 8. O-O
Bb7 9. cxd5 exd5 10. Ne5 Nbd7 11. Ndf3 Ne4 12. Bf4 c5 13. Rc1 Nxe5 14. Nxe5 f6
15. Nf3 c4 16. Nd2 Nxd2 17. Qxd2 b5 18. h4 a5 19. Qc2 Qd7 20. Rfe1 f5 21. h5 h6
22. Be5 b4 23. axb4 axb4 24. Ra1 b3 25. Qc3 Qb5 26. Qe3 Qd7 27. Bh3 Bc6 28.
Rxa8 Rxa8 29. Qf3 Rf8 30. Ra1 Bd6 31. Bxd6 Qxd6 32. Bxf5 Bd7 33. g4 Bxf5 34.
gxf5 Qd7 35. e4 dxe4 36. Qxe4 Qxf5 37. Qxf5 Rxf5 38. Rc1 Rg5+ 39. Kf1 Rxh5 40.
Ke2 Ra5 41. Kd2 Rf5 42. Ke3 Ra5 43. Kd2 Rf5 44. Ke3 h5 45. Rxc4 h4 46. f4 h3
47. Kf3 Rh5 48. Rc1 Kf7 49. Kg4 Rh6 50. Kg3 h2 51. Kg2 h1=Q+ 52. Rxh1 Rxh1 53.
Kxh1 Ke6 54. Kg2 Kd5 55. Kf3 Kxd4 56. Kg4 Kd3 57. Kh5 Ke3 58. Kg4 g6 59. Kg3
Ke2 60. Kg2 Kd2 61. Kf3 Kc2 62. Kg4 Kxb2 63. Kg5 Kc3 0-1

[Event "FIDE World Cup 2021"]
[Site "Krasnaya Polyana RUS"]
[Date "2021.07.12"]
[Round "1.1"]
[White "Krasenkow, Michal"]
[Black "Sebenik, Matej"]
[Result "1-0"]
[WhiteElo "2591"]
[BlackElo "2492"]
[PlyCount "133"]
[EventDate "2021.07.12"]

1. Nf3 Nf6 2. c4 e6 3. g3 d5 4. d4 Be7 5. Bg2 O-O 6. O-O dxc4 7. Ne5 Nc6 8.
Bxc6 bxc6 9. Nxc6 Qe8 10. Nxe7+ Qxe7 11. Qc2 e5 12. Rd1 Bb7 13. dxe5 Qxe5 14.
Bf4 Qh5 15. Nc3 Ng4 16. h4 Qc5 17. e4 Rad8 18. Nd5 Bxd5 19. Rxd5 Rxd5 20. exd5
Qxd5 21. Qe2 Nf6 22. Rc1 Re8 23. Be3 c3 24. bxc3 h5 25. c4 Qf5 26. Qd2 Ne4 27.
Qd4 Qh3 28. Bf4 Nf6 29. Qd2 c6 30. Re1 Rxe1+ 31. Qxe1 Qf5 32. Qe2 a6 33. f3
Qb1+ 34. Kg2 a5 35. Bd6 a4 36. Ba3 Kh7 37. Be7 Nd7 38. Kf2 Kg8 39. Ba3 Nf6 40.
Bc5 Qf5 41. Bd4 Qh3 42. Qf1 Qf5 43. Qd1 Qd7 44. Qd2 Qf5 45. Qb2 Nd7 46. Kg2 f6
47. Qe2 Kf7 48. Qd1 Qe6 49. Bf2 Ne5 50. Qxa4 Nxc4 51. Qa7+ Kg6 52. Qd4 Qe2 53.
Qe4+ Qxe4 54. fxe4 Nd2 55. a4 Nxe4 56. a5 Nc3 57. a6 Nd5 58. a7 Nc7 59. Kf3 Kf5
60. Ke3 Ke5 61. g4 Kd5 62. gxh5 c5 63. Kf4 c4 64. Kf5 c3 65. Bg3 Na8 66. Bf4 c2
67. Bc1 1-0

[Event "FIDE World Cup 2021"]
[Site "Krasnaya Polyana RUS"]
[Date "2021.07.12"]
[Round "1.1"]
[White "Druska, Juraj"]
[Black "Parligras, Mircea-Emilian"]
[Result "1/2-1/2"]
[WhiteElo "2493"]
[BlackElo "2591"]
[PlyCount "61"]
[EventDate "2021.07.12"]

1. e4 e5 2. Nf3 Nc6 3. Nc3 Nf6 4. d4 exd4 5. Nxd4 Bb4 6. Nxc6 bxc6 7. Bd3 d5 8.
Bd2 O-O 9. O-O Bxc3 10. Bxc3 Nxe4 11. Bxe4 dxe4 12. Qe2 Bf5 13. Qe3 a6 14. Rad1
Qe7 15. Rd4 Rfd8 16. Rfd1 f6 17. h3 h6 18. b3 Kh7 19. R1d2 Rxd4 20. Rxd4 Rd8
21. Bb4 Qe8 22. Ba5 Rxd4 23. Qxd4 e3 24. Qxe3 Qxe3 25. fxe3 Bxc2 26. Kf2 Kg6
27. g4 c5 28. Bxc7 Bb1 29. a3 Bc2 30. Bd6 Bxb3 31. Bxc5 1/2-1/2

[Event "FIDE World Cup 2021"]
[Site "Krasnaya Polyana RUS"]
[Date "2021.07.12"]
[Round "1.1"]
[White "Gabuzyan, Hovhannes"]
[Black "Bellahcene, Bilel"]
[Result "1-0"]
[WhiteElo "2587"]
[BlackElo "2497"]
[PlyCount "89"]
[EventDate "2021.07.12"]

1. c4 e6 2. Nf3 d5 3. g3 Nf6 4. Bg2 d4 5. O-O Nc6 6. d3 Bc5 7. Nbd2 a5 8. Nb3
Be7 9. e3 e5 10. exd4 exd4 11. Re1 O-O 12. Ne5 Nxe5 13. Rxe5 c6 14. Qe1 Bb4 15.
Bd2 Bxd2 16. Qxd2 a4 17. Ra5 Rxa5 18. Nxa5 Re8 19. Re1 h6 20. b4 Re7 21. a3 Qe8
22. Kf1 Be6 23. h3 h5 24. Kg1 Bf5 25. Rxe7 Qxe7 26. Qf4 Bxd3 27. Qxd4 Be4 28.
Qe3 Kf8 29. f3 Bc2 30. Qxe7+ Kxe7 31. Nxb7 Kd7 32. Kf2 Kc7 33. Nc5 Ne8 34. Bf1
Nd6 35. Ke1 Nf5 36. g4 Nd4 37. Kd2 Bb3 38. f4 hxg4 39. hxg4 Nc2 40. Nxb3 axb3
41. Kc3 Ne3 42. Be2 f5 43. gxf5 c5 44. Bd3 Kb6 45. Kxb3 1-0